[Event "Oceania zt 3.6 (Women)"]
[Site "Auckland"]
[Date "2017.01.20"]
[Round "9"]
[White "Guo, Zhi Lin"]
[Black "Chew Lee, Alanna"]
[Result "1-0"]
[WhiteElo "1872"]
[BlackElo "1597"]
[PlyCount "153"]
[EventDate "2017.01.14"]
[EventType "swiss"]
[EventRounds "9"]
[EventCountry "NZL"]
[SourceTitle "EXT 2018"]
[Source "ChessBase"]
[SourceDate "2017.10.13"]
[SourceVersion "1"]
[SourceVersionDate "2017.10.13"]
[SourceQuality "1"]

1. d4 Nf6 2. c4 e6 3. Nc3 d5 4. cxd5 exd5 5. Bg5 Be7 6. e3 c6 7. Bd3 h6 8. Bh4 Be6 9. Qc2 Nbd7 10. Nge2 0-0 11. 0-0 Nh5 12. Bg3 Nxg3 13. Nxg3 Nf6 14. Nce2 Bd6 15. f3 Re8 16. Qd2 Bd7 17. e4 dxe4 18. fxe4 Bxg3 19. Nxg3 Qb6 20. Qf2 Be6 21. h3 Rad8 22. e5 Qxd4 23. Qxd4 Rxd4 24. Ba6 Nd7 25. Bxb7 Nxe5 26. b3 Bc8 27. Bxc8 Rxc8 28. Rae1 Ng6 29. Nf5 Rd7 30. Re4 Rcd8 31. h4 h5 32. Ng3 Rd4 33. Rxd4 Rxd4 34. Nxh5 Nxh4 35. Ng3 Rd2 36. Rf2 Rxf2 37. Kxf2 Kf8 38. Ne4 Ke7 39. g3 Ng6 40. Ke3 f5 41. Ng5 Kf6 42. Nf3 Ne5 43. Nd4 Ng4+ 44. Kf3 Ne5+ 45. Ke3 g6 46. a4 a5 47. Nc2 Nd7 48. Na3 Ne5 49. Kd4 Ke6 50. Nc2 Kd6 51. Ne3 Ng4 52. Nxg4 fxg4 53. Kc4 Ke5 54. b4 Ke4 55. bxa5 Kf3 56. a6 Kxg3 57. a7 Kf2 58. a8Q g3 59. Qxc6 g2 60. Qxg2+ Kxg2 61. a5 g5 62. a6 g4 63. a7 g3 64. a8Q+ Kf1 65. Qh1+ Kf2 66. Qh4 Kf3 67. Qf6+ Kg2 68. Kd3 Kh2 69. Qh4+ Kg2 70. Ke2 Kg1 71. Qxg3+ Kh1 72. Qg4 Kh2 73. Kf2 Kh1 74. Qe4+ Kh2 75. Qf4+ Kh3 76. Qf5+ Kh2 77. Qh5# 1-0

[Event "Oceania zt 3.6 (Women)"]
[Site "Auckland"]
[Date "2017.01.19"]
[Round "8"]
[White "Guo, Zhi Lin"]
[Black "Chibnall, Alana"]
[Result "1/2-1/2"]
[WhiteElo "1872"]
[BlackElo "1842"]
[PlyCount "40"]
[EventDate "2017.01.14"]
[EventType "swiss"]
[EventRounds "9"]
[EventCountry "NZL"]
[SourceTitle "CBM 176 Extra"]
[Source "ChessBase"]
[SourceDate "2017.03.02"]
[SourceVersion "1"]
[SourceVersionDate "2017.03.02"]
[SourceQuality "1"]

1. e4 e5 2. d4 exd4 3. Qxd4 Nc6 4. Qe3 Nf6 5. Nc3 Bb4 6. Bd2 0-0 7. 0-0-0 Re8 8. Qg3 d6 9. f3 Rb8 10. Nge2 b5 11. h4 Ne5 12. h5 Bxc3 13. Nxc3 b4 14. Nd5 Nxd5 15. exd5 Bf5 16. Bh6 g6 17. hxg6 fxg6 18. Qh4 Qxh4 19. Rxh4 a5 20. Bc4 Nxc4 1/2-1/2

[Event "Oceania zt 3.6 (Women)"]
[Site "Auckland"]
[Date "2017.01.17"]
[Round "5"]
[White "Qin, Joy Shu Yan"]
[Black "Guo, Zhi Lin"]
[Result "1-0"]
[WhiteElo "1708"]
[BlackElo "1872"]
[PlyCount "113"]
[EventDate "2017.01.14"]
[EventType "swiss"]
[EventRounds "9"]
[EventCountry "NZL"]
[SourceTitle "CBM 176 Extra"]
[Source "ChessBase"]
[SourceDate "2017.03.02"]
[SourceVersion "1"]
[SourceVersionDate "2017.03.02"]
[SourceQuality "1"]

1. e4 c5 2. c3 d5 3. exd5 Qxd5 4. d4 Nc6 5. Nf3 Bg4 6. Be2 e6 7. h3 Bh5 8. 0-0 Nf6 9. Be3 cxd4 10. cxd4 Be7 11. Nc3 Qd6 12. a3 0-0 13. Qd2 Rfd8 14. Rfd1 a6 15. Bf4 Qd7 16. Ne5 Qe8 17. Nxc6 Qxc6 18. Rac1 Rac8 19. Bxh5 Nxh5 20. d5 Qd7 21. Be3 Nf6 22. Bb6 Re8 23. d6 Bd8 24. Qe3 Bxb6 25. Qxb6 Rc6 26. Qb4 Rd8 27. a4 b6 28. Ne4 Nxe4 29. Qxe4 Rxd6 30. Rxd6 Qxd6 31. Qb7 Qb4 32. Rc8 Rf8 33. Qd7 g6 34. Rxf8+ Kxf8 35. Qc8+ Kg7 36. Qxa6 Qxb2 37. Qc4 Qa1+ 38. Kh2 Qe5+ 39. g3 Qb2 40. Kg2 Qd2 41. Qc7 Qd5+ 42. Kg1 Qd1+ 43. Kg2 Qxa4 44. Qxb6 Qe4+ 45. Kg1 e5 46. Qb2 Qd4 47. Qb3 h6 48. Kg2 h5 49. h4 Qe4+ 50. Kg1 Kf6 51. Qb6+ Kf5 52. Qd8 Kg4 53. Qd7+ f5 54. Qd1+ Qf3 55. Qf1 e4 56. Kh2 Qd3 57. f3+ 1-0

[Event "Oceania zt 3.6 (Women)"]
[Site "Auckland"]
[Date "2017.01.15"]
[Round "2"]
[White "Guo, Zhi Lin"]
[Black "Zhang, Jasmine Haomo"]
[Result "1-0"]
[WhiteElo "1872"]
[BlackElo "1719"]
[PlyCount "59"]
[EventDate "2017.01.14"]
[EventType "swiss"]
[EventRounds "9"]
[EventCountry "NZL"]
[SourceTitle "EXT 2018"]
[Source "ChessBase"]
[SourceDate "2017.10.13"]
[SourceVersion "1"]
[SourceVersionDate "2017.10.13"]
[SourceQuality "1"]

1. d4 d5 2. c4 e6 3. cxd5 exd5 4. Nc3 Nf6 5. Bg5 Be7 6. e3 c6 7. Bd3 0-0 8. Qc2 Nbd7 9. Nge2 Re8 10. 0-0 h6 11. Bh4 Nf8 12. f3 Ne6 13. Rad1 b6 14. Bf5 Bb7 15. e4 c5 16. Bxf6 Bxf6 17. dxc5 d4 18. Nd5 Ba6 19. Nb4 Bxe2 20. Qxe2 bxc5 21. Nd5 Be5 22. f4 Bc7 23. Qg4 Kh8 24. Rf3 Bd6 25. Rh3 Bf8 26. Rdd3 g6 27. Bxg6 fxg6 28. Qxg6 Qd7 29. Nf6 Qg7 30. Rxh6+ 1-0

[Event "Oceania zt (Women)"]
[Site "Cammeray"]
[Date "2015.07.07"]
[Round "6"]
[White "Guo, Zhi Lin"]
[Black "Sukhu, Gloria"]
[Result "0-1"]
[WhiteElo "1841"]
[BlackElo "1499"]
[PlyCount "84"]
[EventDate "2015.07.04"]
[EventType "swiss"]
[EventRounds "9"]
[EventCountry "AUS"]
[SourceTitle "CBM 167 Extra"]
[Source "ChessBase"]
[SourceDate "2015.09.14"]
[SourceVersion "1"]
[SourceVersionDate "2015.09.14"]
[SourceQuality "1"]

1. d4 Nf6 2. e3 e6 3. Bd3 d5 4. Nd2 c5 5. c3 Nc6 6. f4 Qc7 7. Ngf3 cxd4 8. cxd4 Bb4 9. 0-0 Bxd2 10. Bxd2 Ne4 11. Ne5 Qe7 12. Rc1 Nxe5 13. fxe5 0-0 14. Bxe4 dxe4 15. Qg4 Bd7 16. Rc7 b6 17. Qxe4 Rfc8 18. Rfc1 Rcb8 19. a3 a5 20. Rb7 Qd8 21. Rbc7 b5 22. Be1 Qe8 23. Bh4 Ra6 24. Qc2 Raa8 25. Qc5 Rc8 26. Qd6 Rxc7 27. Rxc7 Bc8 28. Re7 Qf8 29. Qc6 Ba6 30. e4 h6 31. Rc7 g5 32. Bf2 Rc8 33. d5 Rxc7 34. Qxc7 Qc8 35. Qxa5 Qc1+ 36. Be1 Qe3+ 37. Kh1 Qxe4 38. Qd2 Bb7 39. d6 Bc8 40. Qc3 Bd7 41. Qg3 Qe2 42. b4 Qf1# 0-1

[Event "Australian Masters (Women)"]
[Site "Melbourne"]
[Date "2015.01.16"]
[Round "5"]
[White "Guo, Zhi Lin"]
[Black "Stangl, Anita"]
[Result "1-0"]
[WhiteElo "1746"]
[BlackElo "2078"]
[PlyCount "85"]
[EventDate "2015.01.12"]
[EventType "tourn"]
[EventRounds "9"]
[EventCountry "AUS"]
[SourceTitle "CBM 164 Extra"]
[Source "ChessBase"]
[SourceDate "2015.03.02"]
[SourceVersion "1"]
[SourceVersionDate "2015.03.02"]
[SourceQuality "1"]

1. d4 e6 2. e3 d5 3. Bd3 Bd6 4. Nd2 Nf6 5. f4 c5 6. c3 cxd4 7. cxd4 Qb6 8. Ngf3 Bd7 9. 0-0 Bb5 10. Ne5 Bxd3 11. Nxd3 Nc6 12. Kh1 0-0 13. a3 a5 14. g4 h6 15. Ne5 Qd8 16. Ndf3 Ne4 17. Nd2 Nf6 18. Ndf3 Nh7 19. Qe1 f6 20. Nxc6 bxc6 21. e4 Qd7 22. e5 Be7 23. Bd2 a4 24. Rc1 Rab8 25. Bc3 Rfc8 26. Qe2 Nf8 27. Rfe1 c5 28. exf6 gxf6 29. dxc5 Rxc5 30. g5 hxg5 31. fxg5 fxg5 32. Qe5 d4 33. Qxb8 dxc3 34. Rxc3 Rb5 35. Qa8 Rxb2 36. Qe4 Bd6 37. Rg1 Nh7 38. Rd3 Qe7 39. Rgd1 Rb6 40. Ne5 Bxe5 41. Rd7 Qxd7 42. Rxd7 Bg7 43. Qg6 1-0

[Event "Australian Masters (Women)"]
[Site "Melbourne"]
[Date "2015.01.13"]
[Round "2"]
[White "Brokko, Margit"]
[Black "Guo, Zhi Lin"]
[Result "1/2-1/2"]
[WhiteElo "2003"]
[BlackElo "1746"]
[PlyCount "62"]
[EventDate "2015.01.12"]
[EventType "tourn"]
[EventRounds "9"]
[EventCountry "AUS"]
[SourceTitle "CBM 164 Extra"]
[Source "ChessBase"]
[SourceDate "2015.03.02"]
[SourceVersion "1"]
[SourceVersionDate "2015.03.02"]
[SourceQuality "1"]

1. e4 c5 2. Nc3 d6 3. g3 g6 4. Bg2 Bg7 5. d3 Nc6 6. Be3 e6 7. Qd2 Rb8 8. Nf3 Nd4 9. 0-0 Ne7 10. Nh4 0-0 11. Nd1 e5 12. c3 Ndc6 13. Bh6 d5 14. Bxg7 Kxg7 15. f4 f5 16. exd5 Nxd5 17. fxe5 Nxe5 18. d4 Nc7 19. Qf4 Nd3 20. Qd2 c4 21. Nf2 Nxf2 22. Rxf2 Qd6 23. d5 Kg8 24. Qd4 b5 25. Qxa7 Rb6 26. Qa5 Bb7 27. Qb4 Qxb4 28. cxb4 Bxd5 29. Nf3 Re8 30. Rd1 Bf7 31. Rd7 Nd5 1/2-1/2

[Event "Australian Masters (Women)"]
[Site "Melbourne"]
[Date "2015.01.12"]
[Round "1"]
[White "Guo, Zhi Lin"]
[Black "Anton, Sarah"]
[Result "1/2-1/2"]
[WhiteElo "1746"]
[BlackElo "1752"]
[PlyCount "76"]
[EventDate "2015.01.12"]
[EventType "tourn"]
[EventRounds "9"]
[EventCountry "AUS"]
[SourceTitle "CBM 164 Extra"]
[Source "ChessBase"]
[SourceDate "2015.03.02"]
[SourceVersion "1"]
[SourceVersionDate "2015.03.02"]
[SourceQuality "1"]

1. d4 d5 2. c4 c6 3. cxd5 cxd5 4. Nc3 Nf6 5. Nf3 Nc6 6. Bf4 Bf5 7. e3 e6 8. Qb3 Bb4 9. Bb5 0-0 10. Bxc6 Bxc3+ 11. bxc3 bxc6 12. h3 Ne4 13. 0-0 Rc8 14. c4 c5 15. Rfd1 Qa5 16. Rac1 cxd4 17. exd4 dxc4 18. Rxc4 Rxc4 19. Qxc4 Qc3 20. Rc1 Qb2 21. Rc2 Qb1+ 22. Rc1 Qb2 23. Rc2 Qb1+ 24. Rc1 Qb7 25. Nd2 Nxd2 26. Bxd2 Qe4 27. Bb4 Re8 28. Qb5 Qa8 29. Rc7 a6 30. Qd7 Bg6 31. Bc5 h5 32. Ra7 Qb8 33. Rxa6 Qb1+ 34. Kh2 Rb8 35. Qa7 Rc8 36. a4 Qb8+ 37. Qxb8 Rxb8 38. a5 Be4 1/2-1/2

[Event "Wch U16 Girls"]
[Site "Durban"]
[Date "2014.09.25"]
[Round "7"]
[White "Guo, Zhi Lin"]
[Black "Beinenson, Katsiaryna"]
[Result "1-0"]
[WhiteElo "1632"]
[BlackElo "1980"]
[PlyCount "89"]
[EventDate "2014.09.20"]
[EventType "swiss"]
[EventRounds "11"]
[EventCountry "RSA"]
[SourceTitle "CBM 162 Extra"]
[Source "ChessBase"]
[SourceDate "2014.10.17"]
[SourceVersion "1"]
[SourceVersionDate "2014.10.17"]
[SourceQuality "1"]

1. d4 d6 2. c4 Nd7 3. e4 e5 4. d5 Ngf6 5. Nc3 Be7 6. Bd3 0-0 7. Nge2 c6 8. 0-0 Re8 9. Ng3 Bf8 10. Bg5 h6 11. Be3 g6 12. Be2 Qe7 13. Qd2 Kh7 14. Rad1 c5 15. Bf3 Bg7 16. Nge2 Nf8 17. g3 N6d7 18. Qd3 Nb6 19. Bg2 f5 20. f4 fxe4 21. Bxe4 Bh3 22. Rf2 Nbd7 23. f5 gxf5 24. Bxf5+ Bxf5 25. Qxf5+ Kg8 26. Ne4 Rad8 27. Rdf1 Nh7 28. Qg6 Ndf8 29. Qh5 Rd7 30. Rf7 Qd8 31. Rxd7 Qxd7 32. Bxh6 Rd8 33. Bxg7 Qxg7 34. N2c3 Ng6 35. Qg4 a6 36. Qe6+ Kh8 37. Nxd6 Ng5 38. Nf7+ Nxf7 39. Qxf7 Qxf7 40. Rxf7 b5 41. b3 bxc4 42. bxc4 e4 43. Nxe4 Ne5 44. Re7 Nxc4 45. Nf6 1-0

[Event "AUS-ch U18 Girls"]
[Site "Wahroonga"]
[Date "2014.01.16"]
[Round "5"]
[White "Guo, Zhi Lin"]
[Black "Gu, Shirley"]
[Result "1/2-1/2"]
[WhiteElo "1807"]
[BlackElo "1671"]
[PlyCount "71"]
[EventDate "2014.01.11"]
[EventType "swiss"]
[EventRounds "9"]
[EventCountry "AUS"]
[SourceTitle "EXT 2020"]
[Source "ChessBase"]
[SourceDate "2019.10.17"]
[SourceVersion "1"]
[SourceVersionDate "2019.10.17"]
[SourceQuality "1"]

1. d4 g6 2. c4 Bg7 3. Nc3 c5 4. d5 Bxc3+ 5. bxc3 f5 6. g3 Qa5 7. Qc2 d6 8. Bg2 Nf6 9. Nh3 Nbd7 10. Qb3 Qb6 11. 0-0 a5 12. Rb1 Qxb3 13. axb3 a4 14. Ra1 Nb6 15. Bg5 Kf7 16. Bxf6 exf6 17. Rfb1 g5 18. e3 Ke7 19. Bf1 Kd8 20. b4 Kc7 21. b5 Bd7 22. Ra3 Rhe8 23. Kg2 Re4 24. Bd3 Ree8 25. Ng1 Re7 26. Nf3 h6 27. h4 Rg7 28. Rh1 f4 29. hxg5 hxg5 30. Rh6 f5 31. Rh5 fxe3 32. Rxg5 Rxg5 33. Nxg5 exf2 34. Kxf2 Rh8 35. Ne6+ Kb8 36. Bxf5 1/2-1/2

[Event "AUS-ch U18 Girls"]
[Site "Wahroonga"]
[Date "2014.01.15"]
[Round "1"]
[White "Guo, Zhi Lin"]
[Black "Mason, Joanne"]
[Result "1-0"]
[WhiteElo "1807"]
[BlackElo "1436"]
[PlyCount "69"]
[EventDate "2014.01.11"]
[EventType "swiss"]
[EventRounds "9"]
[EventCountry "AUS"]
[SourceTitle "EXT 2020"]
[Source "ChessBase"]
[SourceDate "2019.10.17"]
[SourceVersion "1"]
[SourceVersionDate "2019.10.17"]
[SourceQuality "1"]

1. d4 d5 2. c4 c6 3. cxd5 cxd5 4. Nc3 Nf6 5. Nf3 Nc6 6. Bf4 a6 7. e3 Bf5 8. a3 e6 9. Nh4 Bg6 10. Be2 Ne4 11. Nxg6 Nxc3 12. bxc3 hxg6 13. 0-0 Bd6 14. Bxd6 Qxd6 15. f4 0-0-0 16. Qa4 Na7 17. c4 Qc6 18. Qb3 Kd7 19. Rfc1 Ke7 20. Qb4+ Kf6 21. g4 g5 22. cxd5 Qxd5 23. Rc7 Rd7 24. fxg5+ Kg6 25. Bd3+ f5 26. gxf6+ Kxf6 27. Rf1+ Kg5 28. Rc5 Kxg4 29. Rxd5 exd5 30. Bf5+ Kg5 31. Bxd7 Kg6 32. Qd6+ Kh7 33. Bf5+ Kg8 34. Qe6+ Kf8 35. Bb1# 1-0